Score 0/10 Timer 01:30
4 Plays Today
Hint 4-Letter Word % Correct
Sun's morning activityRISE
96.9%
Board game, or a chance you takeRISK
94.9%
Surface for ice hockey or skatingRINK
94.7%
Very religious man; may be of Benedictine orderMONK
85.1%
Coat materialMINK
85.1%
With 'up,' to upset someoneRILE
65.9%
Greek for 'only'MONO
61.9%
One is in an ocean in the north and the other on a continent in the southPOLE
59.2%
Rick Blaine for Humphrey Bogart in CasablancaROLE
56%
Greek for 'many'POLY
46%

Today's Daily Dose

Remove Ads.
Support Sporcle.
Get the best of Sporcle when you Go Orange. This ad-free experience offers more features, more stats, and more fun while also helping to support Sporcle. Thank you for becoming a member.

You're not logged in!

Compare scores with friends on all Sporcle quizzes.
OR
Log In

Show Comments

Extras

Top Quizzes Today


Score Distribution

Your Account Isn't Verified!

In order to create a playlist on Sporcle, you need to verify the email address you used during registration. Go to your Sporcle Settings to finish the process.

Report this User

Report this user for behavior that violates our Community Guidelines.

Details: